[Event "13. Rusia tch 2006"]
[Site "Sochi RUS"]
[Date "2006.04.24"]
[Round "5.64"]
[White "Turov, Maxim"]
[Black "Popov, Valerij"]
[Result "0-1"]
[WhiteElo "2539"]
[BlackElo "2587"]
[PlyCount "88"]
[EventDate "2006.04.20"]
[EventType "team"]
[EventRounds "11"]
[EventCountry "RUS"]
[Source "lmi"]
[SourceDate "2006.04.26"]

1. d4 d5 2. c4 c6 3. Nc3 Nf6 4. e3 a6 5. Qc2 b5 6. cxd5 cxd5 7. a4 b4 8. Nb1
Ra7 9. Nd2 Rc7 10. Qb1 Nc6 11. Ngf3 Na5 12. b3 Bb7 13. Ne5 e6 14. Bd3 Ne4 15.
Bxe4 dxe4 16. Nec4 Nxc4 17. bxc4 a5 18. O-O Be7 19. c5 Qa8 20. Nc4 O-O 21. Bb2
Bc6 22. Qc2 Bd8 23. Qe2 Qa6 24. Rfc1 Bd5 25. Kf1 Qa7 26. Nd6 Qa8 27. Kg1 Rd7
28. Qc2 Qc6 29. Nc4 f6 30. Nd2 Bc7 31. f3 f5 32. Rf1 Rdf7 33. f4 g5 34. Nc4
gxf4 35. exf4 Rg7 36. Ne3 Rf6 37. Qe2 Qe8 38. Qb5 Qh5 39. Qa6 Qh3 40. Bc1 Rxg2+
41. Nxg2 Rg6 42. Qe2 e3 43. Ra2 Kf7 44. Rb2 Bd8 0-1

[Event "13. Rusia tch 2006"]
[Site "Sochi RUS"]
[Date "2006.04.24"]
[Round "5.65"]
[White "Korneev, Oleg"]
[Black "Khairullin, Ildar"]
[Result "1-0"]
[WhiteElo "2671"]
[BlackElo "2544"]
[PlyCount "95"]
[EventDate "2006.04.20"]
[EventType "team"]
[EventRounds "11"]
[EventCountry "RUS"]
[Source "lmi"]
[SourceDate "2006.04.26"]

1. e4 c5 2. Nf3 Nc6 3. d4 cxd4 4. Nxd4 Nf6 5. Nc3 e5 6. Ndb5 d6 7. Bg5 a6 8.
Na3 b5 9. Nd5 Be7 10. Bxf6 Bxf6 11. c3 O-O 12. Nc2 Rb8 13. h4 Be7 14. Nce3 Be6
15. Qf3 Qd7 16. Rd1 Bd8 17. Be2 Ne7 18. h5 h6 19. O-O Bb6 20. Nf5 Bxd5 21. Rxd5
Nxd5 22. Qg4 Qxf5 23. Qxf5 Nf6 24. Rd1 Rfd8 25. g3 Rd7 26. Kg2 Rbd8 27. f4 Re7
28. Bd3 Rde8 29. Bc2 Bc7 30. Re1 Bb6 31. a3 Rc7 32. Rd1 Rc5 33. Rxd6 exf4 34.
Rxf6 gxf6 35. e5 Rexe5 36. Qh7+ Kf8 37. gxf4 Re2+ 38. Kf3 Re8 39. Bb3 Rc7 40.
Qxh6+ Ke7 41. Qg7 Kd7 42. Qxf7+ Re7 43. Qd5+ Kc8 44. Qg8+ Kd7 45. h6 Re3+ 46.
Kg4 f5+ 47. Kxf5 Rc5+ 48. Kg4 1-0

[Event "13. Rusia tch 2006"]
[Site "Sochi RUS"]
[Date "2006.04.24"]
[Round "5.66"]
[White "Vitiugov, Nikita"]
[Black "Kiriakov, Petr"]
[Result "1-0"]
[WhiteElo "2550"]
[BlackElo "2555"]
[PlyCount "97"]
[EventDate "2006.04.20"]
[EventType "team"]
[EventRounds "11"]
[EventCountry "RUS"]
[Source "lmi"]
[SourceDate "2006.04.26"]

1. d4 e6 2. c4 Nf6 3. Nf3 d5 4. Nc3 Nbd7 5. Bf4 dxc4 6. e3 Nb6 7. Bxc4 Nxc4 8.
Qa4+ Bd7 9. Qxc4 Bd6 10. Bg5 h6 11. Bh4 Rc8 12. O-O O-O 13. Rad1 Be7 14. Rfe1
a6 15. e4 Nh5 16. Bg3 b5 17. Qd3 Nxg3 18. hxg3 b4 19. Ne2 Bb5 20. Qb1 c5 21. d5
exd5 22. Rxd5 Qc7 23. Nf4 Rfd8 24. e5 Bg5 25. Rxd8+ Rxd8 26. Nxg5 hxg5 27. Nh3
Bd3 28. Qc1 f6 29. exf6 gxf6 30. Nxg5 fxg5 31. Qxg5+ Kf7 32. Re3 Qd6 33. Rf3+
Ke8 34. Rf6 Qe7 35. Qh5+ Kd7 36. Rf7 Qxf7 37. Qxf7+ Kc6 38. g4 c4 39. g5 Rd6
40. Qe8+ Kc5 41. f4 Rc6 42. f5 Kb5 43. f6 c3 44. bxc3 bxc3 45. a4+ Kb6 46. Qe3+
Kb7 47. Qxd3 c2 48. Qb3+ Kc7 49. Qxc2 1-0

[Event "7. Rusia tch 2006 femenino"]
[Site "Sochi RUS"]
[Date "2006.04.20"]
[Round "1"]
[White "Kosintseva, Nadezhda"]
[Black "Kovanova, Baira"]
[Result "1/2-1/2"]
[WhiteElo "2469"]
[BlackElo "2307"]
[PlyCount "95"]
[EventDate "2006.04.20"]
[EventType "team"]
[EventCountry "RUS"]
[Source "lmi"]
[SourceDate "2006.04.26"]

1. e4 e5 2. Nf3 Nc6 3. Bb5 a6 4. Ba4 Nf6 5. O-O Be7 6. Re1 b5 7. Bb3 d6 8. c3
O-O 9. d4 Bg4 10. Be3 Na5 11. dxe5 Bxf3 12. Qxf3 dxe5 13. Bc2 Nc4 14. Bc1 Bc5
15. b3 Nd6 16. Bg5 Qe7 17. b4 Bb6 18. Nd2 Qe6 19. h3 Nd7 20. Nf1 c5 21. bxc5
Bxc5 22. Ng3 f6 23. Bc1 Nb6 24. Nf5 Nxf5 25. exf5 Qf7 26. Bb3 Nc4 27. a4 Rab8
28. axb5 axb5 29. Ra6 Kh8 30. Rc6 Rfc8 31. Rxc8+ Rxc8 32. Rd1 Qe7 33. Qd5 Qc7
34. Bxc4 bxc4 35. Qe6 Rf8 36. Be3 Bxe3 37. fxe3 Qc5 38. Kf2 Qb5 39. Qe7 Rg8 40.
Qa3 e4 41. g4 h6 42. Qd6 Ra8 43. Rd2 Qb1 44. Qc6 Ra2 45. Rxa2 Qxa2+ 46. Kg3 Qd2
47. Qxe4 Qxc3 48. Qe8+ 1/2-1/2

[Event "7. Rusia tch 2006 femenino"]
[Site "Sochi RUS"]
[Date "2006.04.21"]
[Round "2"]
[White "Ovod, Evgenija"]
[Black "Cmilyte, Viktorija"]
[Result "1-0"]
[WhiteElo "2395"]
[BlackElo "2470"]
[PlyCount "47"]
[EventDate "2006.04.20"]
[EventType "team"]
[EventCountry "RUS"]
[Source "lmi"]
[SourceDate "2006.04.26"]

1. d4 Nf6 2. c4 e6 3. Nc3 Bb4 4. e3 b6 5. f3 Nh5 6. Nh3 f5 7. Bd3 O-O 8. O-O
Nc6 9. Ne2 Be7 10. g4 fxg4 11. fxg4 Nf6 12. Ng3 g6 13. Bd2 e5 14. g5 Ne8 15.
Rxf8+ Bxf8 16. Qf3 Bg7 17. Be4 Rb8 18. Rf1 Qe7 19. Nh5 gxh5 20. Qxh5 Nf6 21.
gxf6 Bxf6 22. Bd5+ Kh8 23. Rxf6 Qg7+ 24. Ng5 1-0

[Event "7. Rusia tch 2006 femenino"]
[Site "Sochi RUS"]
[Date "2006.04.21"]
[Round "2"]
[White "Sudakova, Irina"]
[Black "Dushenok, Anna"]
[Result "1-0"]
[WhiteElo "2391"]
[BlackElo "2168"]
[PlyCount "165"]
[EventDate "2006.04.20"]
[EventType "team"]
[EventCountry "RUS"]
[Source "lmi"]
[SourceDate "2006.04.26"]

1. e4 c5 2. b3 d6 3. Bb2 Nf6 4. Nc3 g6 5. Nd5 Bg7 6. Nxf6+ exf6 7. Bb5+ Nd7 8.
Ne2 Qe7 9. O-O O-O 10. Nc3 Nb6 11. a4 Be6 12. a5 Nd7 13. d4 a6 14. Bxd7 Bxd7
15. dxc5 dxc5 16. Nd5 Qe6 17. Nc7 Qxe4 18. Nxa8 Bc6 19. f3 Qe3+ 20. Kh1 Rxa8
21. Qe1 Qf4 22. Rd1 Re8 23. Qd2 Qxd2 24. Rxd2 f5 25. c4 g5 26. Bxg7 Kxg7 27.
Kg1 Re3 28. Rb2 g4 29. fxg4 fxg4 30. Rf5 Kg6 31. Rxc5 f5 32. b4 f4 33. Kf2 Rc3
34. Rd2 g3+ 35. hxg3 fxg3+ 36. Ke1 Re3+ 37. Kd1 Rb3 38. Rd6+ Kf7 39. Kc2 Rxb4
40. Kc3 Ra4 41. Kb3 Ra1 42. Rg5 Bxg2 43. Rxg3 Bc6 44. Rg5 Rh1 45. Kb4 Ra1 46.
Rf5+ Kg7 47. Re5 Kf7 48. Rh6 Kg7 49. Reh5 Ra4+ 50. Kb3 Rxa5 51. Rxh7+ Kg6 52.
R7h6+ Kg7 53. Rh7+ Kg6 54. Rxa5 Kxh7 55. Rg5 Kh6 56. Rg1 a5 57. Kc3 Kh5 58. Kb3
a4+ 59. Kb4 Kh6 60. c5 Kh5 61. Ka3 Bb5 62. Rg2 Bd7 63. Rg3 Bb5 64. Kb4 Bc6 65.
Rg7 Kh6 66. Rg4 Kh5 67. Rg3 Kh6 68. Ka3 Bd7 69. Kb4 Bc6 70. Ka5 Bd7 71. Rg2 Bc6
72. Rg4 a3 73. Kb4 a2 74. Rg1 Bd5 75. Kc3 Kh5 76. Kb2 Kh6 77. Rd1 Bf3 78. Rd3
Be4 79. Rd4 Bb1 80. Rb4 Kg6 81. Rxb7 Kf6 82. Rd7 Ke6 83. Rd1 1-0

[Event "7. Rusia tch 2006 femenino"]
[Site "Sochi RUS"]
[Date "2006.04.21"]
[Round "2"]
[White "Turova, Irina"]
[Black "Molchanova, Tatjana"]
[Result "1-0"]
[WhiteElo "2362"]
[BlackElo "2312"]
[PlyCount "71"]
[EventDate "2006.04.20"]
[EventType "team"]
[EventCountry "RUS"]
[Source "lmi"]
[SourceDate "2006.04.26"]

1. d4 d5 2. c4 c6 3. Nc3 Nf6 4. e3 e5 5. dxe5 Ng4 6. Nf3 Bb4 7. h3 Nh6 8. cxd5
cxd5 9. Bb5+ Nc6 10. O-O Bxc3 11. bxc3 O-O 12. Nd4 Nxe5 13. Ba3 Re8 14. Bxe8
Qxe8 15. Rb1 b6 16. Nb5 Qc6 17. e4 a6 18. Nd6 dxe4 19. Qd4 Nd7 20. Rfd1 Nf6 21.
Rxb6 Qd7 22. c4 Kh8 23. Nxc8 Qxd4 24. Rxd4 Rxc8 25. g4 Nhg8 26. Rxa6 h6 27. Kg2
Re8 28. Bc1 Ne7 29. Rad6 Kg8 30. Rd8 Rxd8 31. Rxd8+ Kh7 32. a4 Kg6 33. Bd2 Nc6
34. Rc8 Ne5 35. a5 Nfd7 36. Be3 1-0

[Event "7. Rusia tch 2006 femenino"]
[Site "Sochi RUS"]
[Date "2006.04.22"]
[Round "3"]
[White "Kosintseva, Nadezhda"]
[Black "Mkrtchian, Lilit"]
[Result "1/2-1/2"]
[WhiteElo "2469"]
[BlackElo "2453"]
[PlyCount "82"]
[EventDate "2006.04.20"]
[EventType "team"]
[EventCountry "RUS"]
[Source "lmi"]
[SourceDate "2006.04.26"]

1. e4 e5 2. Nf3 Nc6 3. Bb5 a6 4. Ba4 Nf6 5. O-O b5 6. Bb3 Bc5 7. a4 Rb8 8. c3
d6 9. d4 Bb6 10. Na3 O-O 11. axb5 axb5 12. Nxb5 Bg4 13. Ba4 Nxe4 14. Na3 Ne7
15. Bc2 d5 16. h3 Bxf3 17. gxf3 f5 18. dxe5 Nxf2 19. Rxf2 Ng6 20. f4 Bxf2+ 21.
Kxf2 Qh4+ 22. Kg2 Nxf4+ 23. Bxf4 Qxf4 24. Qxd5+ Kh8 25. Rf1 Qg5+ 26. Kh1 Rxb2
27. e6 Qe3 28. Qd3 Qxe6 29. Rf2 Qc6+ 30. Rg2 Ra2 31. c4 Re8 32. Nb5 Qc5 33.
Qxf5 Qxf5 34. Bxf5 Re1+ 35. Kh2 Ree2 36. Rxe2 Rxe2+ 37. Kg3 g6 38. Bg4 Re4 39.
c5 Re5 40. Nxc7 Rxc5 41. Ne6 Ra5 1/2-1/2

[Event "7. Rusia tch 2006 femenino"]
[Site "Sochi RUS"]
[Date "2006.04.23"]
[Round "4"]
[White "Kosintseva, Nadezhda"]
[Black "Malashenko, Alyona"]
[Result "1-0"]
[WhiteElo "2469"]
[BlackElo "2149"]
[PlyCount "65"]
[EventDate "2006.04.20"]
[EventType "team"]
[EventCountry "RUS"]
[Source "lmi"]
[SourceDate "2006.04.26"]

1. e4 d6 2. d4 Nf6 3. Nc3 g6 4. Be3 c6 5. Qd2 Ng4 6. Bg5 h6 7. Bh4 Bg7 8. h3
Nf6 9. f4 Qa5 10. Nf3 Be6 11. Bd3 b5 12. f5 gxf5 13. exf5 Bc4 14. O-O Bxd3 15.
Qxd3 O-O 16. Rae1 Re8 17. Bxf6 Bxf6 18. Qd2 Kg7 19. g4 Rg8 20. h4 Nd7 21. Kf2
c5 22. g5 hxg5 23. hxg5 Bxd4+ 24. Nxd4 cxd4 25. Qxd4+ Kf8 26. f6 Ne5 27. fxe7+
Kxe7 28. Rxe5+ dxe5 29. Qc5+ Ke6 30. Qc6+ Ke7 31. Nd5+ Kf8 32. Qd6+ Kg7 33.
Qh6# 1-0

[Event "7. Rusia tch 2006 femenino"]
[Site "Sochi RUS"]
[Date "2006.04.23"]
[Round "4"]
[White "Zemlianukhina, Viktoria"]
[Black "Kursova, Maria"]
[Result "0-1"]
[WhiteElo "2063"]
[BlackElo "2333"]
[PlyCount "78"]
[EventDate "2006.04.20"]
[EventType "team"]
[EventCountry "RUS"]
[Source "lmi"]
[SourceDate "2006.04.26"]

1. e4 c5 2. Nf3 e6 3. d3 Nc6 4. g3 g6 5. Bg2 Bg7 6. O-O d6 7. Re1 Nge7 8. c3 e5
9. h3 O-O 10. Be3 b6 11. Qd2 f5 12. Bh6 f4 13. Bxg7 Kxg7 14. g4 h6 15. b4 g5
16. d4 cxd4 17. cxd4 Ng6 18. Na3 Nh4 19. Nxh4 gxh4 20. Nc2 Bb7 21. b5 Ne7 22.
Nb4 Ng6 23. Bf3 Qf6 24. Rac1 Rf7 25. Red1 Nf8 26. dxe5 dxe5 27. Nd5 Qg5 28. Rc3
Ne6 29. Be2 Rd8 30. Qc2 Nd4 31. Qb2 Bxd5 32. exd5 Rxd5 33. Rdc1 Rd8 34. Bd3 h5
35. Kh1 hxg4 36. hxg4 f3 37. Rc7 Rdf8 38. Qa3 h3 39. Qxa7 Qxc1+ 0-1